| 000 | | | 05220cem0a2200373#x 450 |
| 001 | | | 297869ca-29c1-4b82-8c30-6d9d6b42b753 |
| 005 | | | 20230310154047.0 |
| 100 | ## | $a | 20230310j19411025k###0rusy50 ca |
| 101 | 0# | $a | ger |
| 102 | ## | $a | DE |
| 120 | ## | $a | byy########## |
| 121 | ## | $a | a##aаbb#a |
| 122 | 0# | $a | d19411025## |
| 123 | 1# | $a | a |
| | $b | 1000000 |
| 124 | ## | $b | d |
| 200 | 1# | $a | Карта положения войск группы армий "Центр" вермахта к исходу 25 октября 1941 г. |
| | $j | 25 октября 1941 г. |
| 251 | ## | $c | Документ |
| 300 | ## | $a | Подлинник |
| 300 | ## | $a | Масштаб 1:1 000 000 |
| 300 | ## | $a | На немецком языке |
| 461 | #0 | $1 | 2001 |
| | $a | Ф. 500 |
| | $1 | 251 |
| | $c | Фонд |
| | $1 | 852 |
| | $j | 500 |
| 462 | #0 | $1 | 2001 |
| | $a | Оп. 100 |
| | $1 | 251 |
| | $c | Опись |
| | $1 | 852 |
| | $j | 100 |
| 601 | 02 | $2 | nlr_sh |
| | $3 | RU\NLR\AUTH\661544081 |
| | $a | "Центр", группа армий |
| | $c | Германия |
| | $x | Боевые действия |
| | $y | Восточный фронт |
| | $z | 1941 |
| | $j | Карты |
| 605 | ## | $2 | prlib_sh |
| | $3 | LIBNET\UAF\0000088514 |
| | $a | Вторая мировая война в архивных документах (Комплекс оцифрованных архивных документов, кино- и фотоматериалов) |
| | $l | коллекция |
| 606 | 1# | $2 | nlr_sh |
| | $3 | RU\NLR\AUTH\661398676 |
| | $a | Великая Отечественная война |
| | $z | 1941 - 1945 |
| | $x | Первый период |
| | $j | Карты |
| 606 | 1# | $2 | nlr_sh |
| | $3 | RU\NLR\AUTH\661319820 |
| | $a | Битва под Москвой |
| | $z | 1941 - 1942 |
| | $j | Карты |
| 608 | ## | $2 | prlib_sh |
| | $3 | LIBNET\UAF\0000074054 |
| | $a | Топографические карты |
| 686 | ## | $a | 63.3(2)622,11я64 |
| | $v | LBC/M |
| | $2 | rubbk |
| 686 | ## | $a | 63.3(2Рос-4Мос)622я64 |
| | $v | LBC/M |
| | $2 | rubbk |
| 801 | #0 | $a | RU |
| | $b | ПБ им. Б.Н. Ельцина |
| | $c | 20230310 |
| 801 | #1 | $a | RU |
| | $b | ПБ им. Б.Н. Ельцина |
| | $c | 20230310 |
| | $2 | rusmarc |
| 801 | #2 | $a | RU |
| | $b | ПБ им. Б.Н. Ельцина |
| | $c | 20230310 |
| | $2 | rusmarc |
| 850 | ## | $a | Центральный архив Министерства обороны Российской Федерации |
| 852 | ## | $a | ЦА МО РФ |
| | $j | Д. 1488 |
| 035 | ## | $a | LIBNET\0001314857 |
| 937 | ## | $d | 183835264 |
| | $h | Федеральное архивное агентство |
| 856 | 4# | $u | http://readingroom.main.prlib.ru/item.aspx?id_node=n183835264&mode=full |